000 00965nam0a22002531 4500
001 rc\468833
005 20030616172306.1
035 _a(NLR Aleph) 005712783
090 _a7395790
_c7395790
100 _a20030616d1988 u |0rusy50 ca
101 0 _arus
102 _aRU
105 _aa |||||||||
200 1 _aИЗУЧЕНИЕ технологических свойств картофеля
_eМетод. указания
_fВАСХНИЛ, ВНИИ растениеводства им. Н.И. Вавилова
_g[Сост. к. с.-х. н. В.И. Шинкарев]
210 _aЛ.
_cВИР
_d1988
215 _a133 с.
_cил.
_d20
320 _aБиблиогр.: с. 120-129
702 1 _aШинкарев
_bВ. И.
_4220
712 0 2 _aВНИИ растениеводства им. Н.И.Вавилова
_cЛенинград
_3RU\NLR\AUTH\8817144
801 0 _aRU
_bNLR
_gpsbo
801 1 _aRU
_bELAR
_2rusmarc
852 _aNLR
_j89-3/2914
942 _cBOOK
980 _aNB